Bande organisée - 13 Organisé - PART2 - Statistiques

Statistiques générales
  • Ce quiz a été pris 226 fois
  • Le résultat moyen est 302 sur 500
Statistiques - réponses
Réponse % Correct
c'
98%
C'
98%
t'
98%
à
97%
a
97%
A
97%
l'
97%
ça
94%
Ca
94%
le
94%
d'
93%
la
93%
J'
90%
j'
90%
m'
90%
dans
87%
Dans
87%
Car
86%
fait
86%
ma
86%
or
86%
de
85%
En
85%
en
85%
et
84%
Et
84%
peu
84%
te
84%
bande
82%
les
82%
nous
82%
par
82%
peut
82%
un
82%
qu'
81%
suis
81%
banal'
80%
organisée
80%
pisté
80%
zumba
80%
carnaval
79%
es
78%
personne
78%
fais
77%
Fais
77%
canaliser
76%
fume
76%
caféw
75%
ces
74%
Je
74%
zone
74%
deux
73%
ta
73%
On
72%
on
72%
Hasta
70%
hasta
70%
luego
70%
sa
70%
tu
70%
Tu
70%
fusée
69%
mon
69%
y
69%
Y
69%
pour
68%
Pour
68%
teinté
68%
ai
67%
4x4
66%
est
65%
des
64%
elle
61%
ton
61%
comme
60%
as
59%
banalisés
59%
connais
59%
pas
59%
département
57%
Au
56%
était
56%
bar
55%
platine
55%
veux
55%
fils
54%
avec
53%
c'est
53%
sous
53%
baratin
52%
maniement
52%
Marseille
52%
Wesh
52%
Yo
52%
bleu
51%
cavale
51%
cesse
51%
Bolt
50%
illégal
50%
mais
50%
soir
50%
Usain
50%
pistés
49%
mèche
48%
Omega
48%
ouh
48%
Alpha
47%
bâtiment
47%
coup
47%
une
47%
vise
47%
Zizou
47%
guerre
46%
pourquoi
46%
sur
46%
assises
45%
base
45%
bleus
45%
Etat
45%
glou
45%
parloir
45%
trafiquant
45%
allumes
44%
connâît
44%
gadji
44%
puta
44%
alcool
43%
tourné
43%
prisonniers
42%
que
42%
trois
42%
mauvais
41%
Ricard
41%
Jeune
40%
lit
40%
offre
40%
rap
40%
boum
39%
Clio
39%
dois
39%
mala
39%
Poutine
39%
Trafic
39%
OVNI
38%
Poursuite
38%
sept
38%
touché
38%
rivière
37%
cuenta
36%
go'
36%
haram
36%
Légal
36%
nique
36%
trop
36%
quinte
35%
toi
35%
commence
34%
sors
34%
finis
33%
mère
32%
Milli'
32%
milli
32%
plein
32%
te-tê
32%
trouve
32%
monnaie
31%
quartier
31%
refait
31%
cognée
30%
comporte
30%
Comportement
30%
froisser
30%
Jeanne
30%
lui
30%
Marie
30%
regard
30%
chacun
29%
évite
29%
vrai
29%
amis
28%
étais
28%
eu
28%
galère
28%
terre
28%
traîtres
28%
avait
26%
calcul
26%
ennemis
26%
fois
26%
Hier
26%
hommes
26%
logistique
26%
moi
26%
quand
26%
fond
25%
fumer
25%
ils
25%
armes
24%
ballistique
24%
bleue
24%
gendarmes
24%
gens
24%
jantes
24%
rien
24%
biche
23%
plus
23%
tous
23%
vente
23%
Yah
23%
yah
23%
bam
22%
bloc
22%
click
22%
jaune
22%
plata
22%
bon
21%
espèces
21%
salvatrucha
21%
serein
21%
acte
20%
belek
20%
petits
20%
poches
20%
ratata
20%
sont
20%
Ter-ter
20%
forme
19%
pleines
19%
Zampa
19%
guidon
18%
passent
18%
Porsche
18%
équipe
17%
déstresse
16%
GT
16%
tain-p'
16%
voulais
16%
kich'
15%
rend
15%
retour
15%
déforme
14%
flamme
14%
hala
14%
loins
14%
pain
14%
paye
14%
tcha
14%
calculer
13%
chant
12%
fumar
12%
tchu
12%
danse
11%
Garde
11%
mata
11%
nouvelle
11%
pêche
11%
âme
9%
du sang
7%
paire
7%
filha
6%
temenik
4%
ma3lich
2%
cadaves
1%
dalles
1%
Aucun quiz correspondant
Distribution des résultats
% des personnes avec chaque résultat
Percentile par nombre de réponses
Votre historique - résultats
Vous n’avez pas pris ce quiz